|
|
|
|
| LEADER |
01528nam a2200349 a 4500 |
| 001 |
16961 |
| 003 |
BD-DhAAL |
| 008 |
010925r20032002nyua b 001 0 eng d |
| 010 |
|
|
|a 2001051259
|
| 020 |
|
|
|a 0716730510
|
| 020 |
|
|
|a 0716746840
|
| 020 |
|
|
|a 0716749556
|
| 020 |
|
|
|a 0716749548
|
| 040 |
|
|
|a DLC
|c DLC
|d DLC
|d BD-DhAAL
|
| 082 |
0 |
0 |
|a 572
|2 21
|
| 100 |
1 |
|
|a Berg, Jeremy Mark.
|9 57798
|
| 245 |
1 |
0 |
|a Biochemistry /
|c Jeremy M. Berg, John L. Tymoczko, Lubert Stryer ; web content by Neil D. Clarke.
|
| 250 |
|
|
|a Fifth edition.
|
| 260 |
|
|
|a New York :
|b W.H. Freeman,
|c c2002
|g (2003 printing)
|
| 300 |
|
|
|a xxxviii, 974 p. :
|b ill. (some col.) ;
|c 29 cm
|
| 500 |
|
|
|a Rev. ed. of: Biochemistry / by Lubert Stryer. 4th ed. 1995.
|
| 504 |
|
|
|a Includes bibliographical references and index.
|
| 526 |
|
|
|a MNS
|x Iftekhar Mohammad Shafiqul Kalam
Faculty member of Mathematics and Natural Sciences (MNS)
|
| 541 |
1 |
|
|e 16961
|a Essence Science Publications
|
| 650 |
|
0 |
|a Biochemistry.
|
| 700 |
1 |
|
|a Tymoczko, John L.,
|d 1948-
|9 57799
|
| 700 |
1 |
|
|a Stryer, Lubert.
|9 57800
|
| 700 |
1 |
|
|a Stryer, Lubert.
|t Biochemistry.
|9 57801
|
| 852 |
4 |
|
|a Ayesha Abed Library
|c General Stacks
|
| 942 |
|
|
|2 ddc
|c BK
|
| 999 |
|
|
|c 8447
|d 8447
|
| 952 |
|
|
|0 0
|1 0
|2 ddc
|4 0
|6 572_BER_200300000000000
|7 0
|9 9922
|a BRACUL
|b BRACUL
|c GEN
|d 2010-05-09
|e Essence Science Publications
|g 4950.00
|l 23
|m 183
|o 572 BER
|p 3010016961
|r 2025-10-25
|s 2025-10-16
|t 1
|w 2010-05-09
|y BK
|x Requisitioned by Iftekhar Mohammad Shafiqul Kalam, Faculty member of Mathematics and Natural Sciences (MNS).
|